International journal of morphology.

Bibliographic Details
Previous Title:Revista chilena de anatomía (Online)
Uniform Title:International journal of morphology (Online)
Corporate Authors: Sociedad Chilena de Anatomía, Asociación Argentina de Anatomía, Pan American Association of Anatomy
Format: Journal
Language:Spanish
English
Language Notes:Spanish and English with abstracts in both languages.
Published: Temuco, Chile ; Sociedad Chilena de Anatomía, [publisher not identified] ; 2003-
Subjects:
Online Availability: Check for online availability

MARC

Tag First Indicator Second Indicator Subfields
LEADER 00000cas a2200000Ia 4500
001 in00001994213
005 20151031113253.0
006 m d
007 cr mnu--------
008 040126c20039999cl qr pss 0 0spa d
022 |a 0717-9502  |y 0717-9367  |y 0716-9367 
035 |a (OCoLC)ocm54084912 
040 |a IWA  |c IWA  |d CGU  |d OCLCQ  |d CGU  |d YUH  |d UtOrBLW 
041 0 |a spa  |a eng  |b eng  |b spa 
049 |a TXAM 
130 0 |a International journal of morphology (Online) 
245 1 0 |a International journal of morphology. 
264 1 |a Temuco, Chile ;  |b [publisher not identified] ;  |a Sociedad Chilena de Anatomía,  |c 2003- 
310 |a Quarterly 
336 |a text  |b txt  |2 rdacontent 
337 |a computer  |b c  |2 rdamedia 
338 |a online resource  |b cr  |2 rdacarrier 
362 0 |a Vol. 21, no. 1 (marzo 2003)- 
500 |a Title from journal home page (viewed Jan. 23, 2004). 
530 |a Also issued in print. 
538 |a Mode of access: World Wide Web. 
546 |a Spanish and English with abstracts in both languages. 
550 |a Official journal of the Chilean, Argentine, and Pan American societies of anatomy. 
500 |a Electronic resource. 
650 0 |a Morphology  |v Periodicals. 
650 0 |a Anatomy  |v Periodicals. 
650 2 |a Anatomy  |v Periodicals. 
710 2 |a Sociedad Chilena de Anatomía. 
710 2 |a Asociación Argentina de Anatomía. 
710 2 |a Pan American Association of Anatomy. 
776 1 |t International journal of morphology  |x 0717-9367 
780 0 0 |t Revista chilena de anatomía (Online)  |w (OCoLC)46784873 
948 |a cataloged  |b h  |c 2004/9/21  |d c  |e rstovall5  |f 9:08:16 am 
994 |a E0  |b TXA 
999 |a MARS 
999 f f |s 68463365-3e09-3de0-b807-92607e30c62f  |i e123e913-7163-305a-9f6a-7738bcb4a59a  |t 0 
952 f f |a Texas A&M University  |b College Station  |c Electronic Resources  |d Available Online  |t 0  |g Electronic  |h No information provided 
998 f f |t 0  |l Available Online